Taylor Swift - Un prénom, une chanson - Statistiques

Statistiques générales
  • Ce quiz a été pris 439 fois
    176 depuis la dernière actualisation
  • Le résultat moyen est 39 sur 57
Statistiques - réponses
Prénoms Chansons % Correct
Betty cardigan / betty
98%
Inez betty
97%
James Style / betty
97%
Taylor 22 / ...Ready for It? / Clara Bow / The Life of a Showgirl
93%
Peter cardigan / Peter
92%
Juliet Love Story
92%
Romeo Love Story
92%
Dorothea dorothea
91%
Aimee thanK you aIMee
90%
Cassandra Cassandra
89%
Ophelia The Fate of Ophelia
89%
Marjorie marjorie
88%
Clara Clara Bow
87%
Stevie Clara Bow
87%
Elizabeth Elizabeth Taylor
87%
Chloe Chloe or Sam or Sophia or Marcus
86%
Marcus Chloe or Sam or Sophia or Marcus
86%
Sam Chloe or Sam or Sophia or Marcus
86%
Sophia Chloe or Sam or Sophia or Marcus
86%
Robin Robin
86%
Stephen Hey Stephen
84%
Ronan Ronan
83%
Augustine august
82%
Abigail Fifteen / Ruin The Friendship
82%
Kitty The Life of a Showgirl
82%
Sabrina The Life of a Showgirl
82%
Carolina carolina
76%
John Dear John
76%
Aristote So High School
75%
Cleopatra When Emma Falls in Love
74%
Emma When Emma Falls in Love
74%
Wendy cardigan
71%
Bonnie Getaway Car
71%
Clyde Getaway Car
71%
Tim Tim McGraw
69%
Este no body, no crime
65%
Charlie The Tortured Poets Department
65%
Dylan The Tortured Poets Department
65%
Jack The Tortured Poets Department
65%
Lucy The Tortured Poets Department
65%
Patti The Tortured Poets Department
65%
Mary Mary's Song
64%
Leo The Man
59%
Bill the last great american dynasty
56%
Rebekah the last great american dynasty
56%
Burton ...Ready for It?
40%
Ken Hits Different / My Boy Only Breaks His Favorite Toys
35%
Drew Teardrops on my Guitar
33%
Hannah But Daddy I Love Him
29%
Sarah But Daddy I Love Him
29%
Eve The Prophecy
29%
Louis London Boy
24%
Stella London Boy
24%
Drake I Forgot That You Existed
22%
Janet Snow on the Beach
16%
Corey Stay Beautiful
13%
Bobby Starlight
11%
Aucun quiz correspondant
Distribution des résultats
% des personnes avec chaque résultat
Percentile par nombre de réponses
Votre historique - résultats
Vous n’avez pas pris ce quiz depuis la dernière actualisation